Loading...
| Science - Biology | 0 | 3 | 0 | 1 | 30 | 21 | 72.67 | 1 | 2 | 8.02 | 14.00 |
| Fine Arts - Other | 0 | 2 | 0 | 0 | 20 | 73 | 83.00 | 1 | 2 | 4.20 | 12.00 |
| History - World | 0 | 2 | 0 | 0 | 20 | 75 | 83.00 | 0 | 2 | 4.64 | 10.00 |
| Religion | 0 | 2 | 1 | 0 | 15 | 12 | 43.50 | 1 | 1 | 12.70 | 12.00 |
| Mythology | 0 | 2 | 1 | 1 | 15 | 59 | 67.00 | 0 | 2 | 8.44 | 12.00 |
| Social Science | 0 | 1 | 0 | 0 | 10 | 72 | 72.00 | 0 | 1 | 4.54 | 7.50 |
| History - European | 0 | 2 | 2 | 0 | 10 | 49 | 55.00 | 2 | 2 | 5.06 | 10.53 |
| Literature - European | 0 | 1 | 0 | 0 | 10 | 72 | 72.00 | 0 | 1 | 4.00 | 8.00 |
| Popular Culture | 0 | 1 | 0 | 0 | 10 | 11 | 11.00 | 1 | 1 | 15.11 | 16.67 |
| Science - Chemistry | 0 | 1 | 0 | 0 | 10 | 105 | 105.00 | 0 | 1 | 0.09 | 8.00 |
| Science - Physics | 0 | 1 | 0 | 0 | 10 | 49 | 49.00 | 1 | 1 | 5.20 | 10.00 |
| Science - Other | 0 | 1 | 1 | 0 | 5 | 92 | 92.00 | 0 | 1 | 1.64 | 6.00 |
| Current Events | 0 | 1 | 2 | 0 | 0 | 29 | 29.00 | 1 | 1 | 23.76 | 33.33 |
| Literature - World | 0 | 0 | 1 | 0 | -5 | 0.00 | 0 | 0 | 0.00 | 0.00 | |
| History - Other | 0 | 0 | 1 | 0 | -5 | 0.00 | 0 | 0 | 0.00 | 0.00 |